| 000 | 00479nam a22001817a 4500 | ||
|---|---|---|---|
| 003 | SISC | ||
| 005 | 20160308145847.0 | ||
| 008 | 130903t xxu||||| |||| 00| 0 eng d | ||
| 020 | _a0835946614 | ||
| 050 |
_aPE 1449 _b.P887 1996 |
||
| 082 |
_aHS 808.066651 _bP87 1996 |
||
| 245 | _aBuilding word power | ||
| 260 |
_aNew Jersey : _bCambridge Adult Education, _cc1996. |
||
| 300 |
_a124 p. : _c28 cm. |
||
| 651 |
_aWord Power _916283 |
||
| 942 |
_2lcc _cBK |
||
| 999 |
_c10235 _d10235 |
||